| 000 | 01625nam a2200241 a 4500 | ||
|---|---|---|---|
| 005 | 20240920064536.0 | ||
| 008 | 021004s1927 fr r 000 0 fre d | ||
| 035 | _aUPN01000119891 | ||
| 049 | _aLT | ||
| 050 | 4 |
_aLB1573 F8 _bH4.3 |
|
| 100 | 1 | _aHerbiniére-Lebert, S. | |
| 245 | 1 | 0 |
_aExercices graphiques d'attention : _bappliqués aux exercices de crayonnage préparatoires a l'écriture = Graphische übungen zur förderung der aufmerksamkeit : gale vorúbung zum scheiben lerner _ Graphic excercises to develop attention a good way to learn writing / _cS. Herbiniére-Lebert. |
| 260 |
_aParís : _bF. Nathan, _c1927. |
||
| 300 |
_a33 p. : _bil. |
||
| 440 | 0 |
_aCahier, heft, copy book ; _v1 |
|
| 501 | _aEncuadernado con: Exercices graphiques d'attention : appliquês aux exercices de crayonnage preparatoires a l'écriture. no.2. -- Exercices graphiques d'attention, formes, positions, directions. no.3. -- Exercices graphiquês dáttention positions et qualite des choses, no.4. -- Excercices graphiquês d'attention appliqués aux excercices de crayonnage préparatoires au calcul, no.5. -- Exercices grphiqués d'attention : appliqués aux exercices de crayonnage préparatoires á la lecture, no.6. -- Livre du maitre : pour les six cahiers d' d'exercices gráphiques dáttention. | ||
| 650 | 4 |
_aEscritura _xEstudio y enseñanza (Elemental) _92804 |
|
| 650 | 4 |
_aEducación _zFrancia _911558 |
|
| 740 | 0 | _aGraphische übungen zur fönderung der aufmerksamkeit : gule vorübung zum scheben lerner | |
| 740 | 0 | _aGraphic exercices to develop attention a good to learn writing | |
| 905 | _aLibro | ||
| 999 |
_c92241 _d92241 |
||